Nacionalidades que han ganado CHAMPIONS LEAGUE - Estadísticas

Estadísticas generales
  • Esta prueba ha sido intentada 91 veces
  • La puntuación promedio es 43 de 57
Estadísticas de respuestas
Jugadores País % Correcto
82 Alemania
100%
168 España
100%
89 Francia
100%
58 Inglaterra
99%
63 Italia
99%
36 Argentina
97%
108 Brasil
97%
1 Estados Unidos
95%
51 Paises Bajos
95%
68 Portugal
95%
1 Rusia
95%
1 Marruecos
93%
18 Belgica
91%
1 Canada
91%
2 Colombia
91%
3 Suecia
91%
11 Uruguay
91%
2 Irlanda
89%
1 Mexico
89%
10 Noruega
89%
1 Peru
86%
3 Ucrania
86%
22 Croacia
85%
4 Senegal
85%
1 Ecuador
84%
2 Egipto
84%
2 Dinamarca
82%
5 Austria
81%
5 Polonia
81%
14 Serbia
81%
7 Escocia
80%
3 Turquia
80%
2 Argelia
77%
2 Australia
76%
1 Corea del Sur
76%
2 Finlandia
76%
1 Paraguay
76%
8 Camerun
74%
9 Nigeria
74%
1 Sudafrica
74%
6 Ghana
68%
4 Gales
65%
1 Costa Rica
64%
6 Republica Checa
64%
8 Costa de Marfil
62%
2 Bosnia y Herzegovina
61%
1 Islandia
61%
2 Georgia
59%
1 Guinea
51%
1 Lituania
50%
1 Montenegro
50%
4 Mali
49%
2 Macedonia
45%
1 Kenia
41%
1 Trinidad y Tobago
28%
1 Gabon
26%
1 Zimbabue
18%
No se encontraron pruebas coincidentes
Distribución de puntuación
Porcentaje de gente con cada puntuación
Porcentaje por número respondido
Historial de tus puntuaciones
No has intentado esta prueba.